Reflection on money and the arts
Vybrané aspekty vzťahu medzi peniazmi a umením. Historický pohľad. Sponzoring ako najčastejšia forma privátnej podpory umenia.
Gespeichert in:
| 1. Verfasser: | |
|---|---|
| Weitere Verfasser: | |
| Format: | Buchkapitel |
| Sprache: | Englisch |
| Schlagworte: | |
| Tags: |
Keine Tags, Fügen Sie das erste Tag hinzu!
|
MARC
| LEADER | 00000naa$a2200000$$$4500 | ||
|---|---|---|---|
| 001 | 0048895 | ||
| 005 | 20240502071549.1 | ||
| 041 | 0 | |a eng | |
| 044 | |a SK | ||
| 245 | 1 | 0 | |a Reflection on money and the arts |
| 520 | |a Vybrané aspekty vzťahu medzi peniazmi a umením. Historický pohľad. Sponzoring ako najčastejšia forma privátnej podpory umenia. | ||
| 610 | 2 | 0 | |a peniaze |
| 610 | 2 | 0 | |a umenie |
| 610 | 2 | 0 | |a história |
| 610 | 2 | 0 | |a sponzorovanie |
| 610 | 2 | 0 | |a štát |
| 100 | 1 | |a Prnjat, Dejana | |
| 700 | 1 | |a Tajtáková, Mária | |